| 000 | 00392nam a2200145Ia 4500 | ||
|---|---|---|---|
| 008 | 210716s1989 xx 000 0 und d | ||
| 041 | _aeng | ||
| 082 | _a005.134 ROSS | ||
| 100 | _aRoss, Steven C. | ||
| 245 | _aUnderstanding and using dbase lll plus. | ||
| 250 | _a1 | ||
| 260 |
_aBangalore _bJaico Publishing House _c1989 |
||
| 300 | _axv,283,A18,B5,I7 | ||
| 650 | _aComputer Fundamentals | ||
| 999 |
_c181155 _d181155 |
||